000 00289nam a2200133 i 4500
001 bg
100 1 _aZUMPE, M.
245 0 _aWohnhochhäuser.
_nBd.2 /
_cM. Zumpe.
260 _aBerlin,
_c1967.
040 _cBPK
041 _apol
942 _cKS
008 s pl f |000 0 pol
999 _c7841
_d7841
856 _uhttp://koha.tu.koszalin.pl/cgi-bin/koha/opac-detail.pl?biblionumber=7841
_yKatalog online BPK